000 00656nam a2200181 i 4500
001 81457
003 ES-MaACL
005 20230906174436.0
007 t|
008 041104s1920 sp ||||1| spa d
100 1 _aHuarte y Echenique, Amalio.
_964475
245 1 0 _aApuntes para la biografía del maestro Juan Vaseo /
_cAmalio Huarte y Echenique.
260 _aMadrid :
_b[s.n.],
_c1920 (
_fImp. de la Revista de archivos, bibliotecas y museos)
300 _a17 p. ;
_c24 cm.
595 _aSeparata de: Revista de archivos, bibliotecas y museos, año 23, oct. a dic. de 1919, n. 10-12.
600 1 4 _aVaseo, Juan.
_9170828
852 _aES-MaACL
_j1606-F-22
999 _c81457
_d81457